[Event "ch-NED Open"]
[Site "Dieren NED"]
[Date "2003.07.28"]
[Round "6"]
[White "Jensen,JB"]
[Black "Verholt,G"]
[Result "1-0"]
[WhiteElo "2194"]
[BlackElo "2127"]

1.d4 d5 2.c4 e6 3.Nc3 c6 4.Nf3 Nf6 5.e3 Nbd7 6.Bd3 Bd6 7.e4 dxe4 8.Nxe4 Nxe4
9.Bxe4 Nf6 10.Bc2 Bb4+ 11.Bd2 Qa5 12.O-O Bxd2 13.Nxd2 O-O 14.c5 Qb4 15.Nb3 Qc4
16.Re1 Qd5 17.Qd3 Rd8 18.Rad1 b5 19.Na5 g6 20.Qg3 Qd7 21.Qh4 Kg7 22.Re3 Ba6
23.Rf3 Nd5 24.Rh3 h5 25.Rg3 Qc7 26.Nb3 Qf4 27.Qh3 Bc8 28.Rf3 Qg4 29.Qg3 Qxg3
30.fxg3 a5 31.Be4 Ne7 32.Rff1 Ra7 33.Kf2 a4 34.Na1 Rad7 35.Nc2 f5 36.Bf3 e5
37.dxe5 Rd2+ 38.Kg1 Rxd1 39.Rxd1 Rxd1+ 40.Bxd1 Be6 41.Nb4 Kf7 42.Bf3 Bd7
43.Kf2 Ke6 44.Nd3 Be8 45.Ke3 g5 46.Kd4 Bf7 47.a3 Kd7 48.Nb4 g4 49.Be2 Bd5
50.Nxd5 Nxd5 51.Bxb5  1-0

[Event "ch-NED Open"]
[Site "Dieren NED"]
[Date "2003.07.29"]
[Round "7"]
[White "Brokken,D"]
[Black "Bensdorp,L"]
[Result "1-0"]
[WhiteElo "2187"]
[BlackElo "2116"]

1.Nf3 d5 2.c4 e6 3.d4 Nf6 4.Nc3 c6 5.e3 Nbd7 6.Bd3 Bd6 7.O-O O-O 8.e4 dxe4
9.Nxe4 Nxe4 10.Bxe4 h6 11.Re1 Nf6 12.Bc2 c5 13.dxc5 Bxc5 14.Qe2 b6 15.b3 Bb7
16.Bb2 Re8 17.Ne5 Qe7 18.h3 Rad8 19.Rad1 Rxd1 20.Rxd1 Rd8 21.Rxd8+ Qxd8 22.Qd3 Qe7
23.Bd4 Be4 24.Bxc5 bxc5 25.Qd2 Bxc2 26.Qxc2 Qd6 27.Nf3 Kf8 28.a3 Ke7 29.Qb1 Nd7
30.Kf1 Ne5 31.Nxe5 Qxe5 32.Qc1 Qd6 33.Kg1 f6 34.Qc3 Qd1+ 35.Kh2 Kf7 36.b4 Qd6+
37.g3 f5 38.Kg2 Kg6 39.b5 e5 40.a4 e4 41.a5 Qc7 42.Qd2 h5 43.a6 Qe7 44.h4 Kh7
45.Qd5 e3 46.fxe3 Qxe3 47.Qxf5+ g6 48.Qf7+ Kh8 49.Qf3 Qe6 50.b6  1-0

[Event "Futurity"]
[Site "Kitchener CAN"]
[Date "2003.07.29"]
[Round "6"]
[White "Stevens,C"]
[Black "Garcia,A URU"]
[Result "1/2-1/2"]
[WhiteElo "2219"]
[BlackElo "2125"]

1.c4 e6 2.Nf3 d5 3.d4 Nf6 4.Nc3 c6 5.e3 Nbd7 6.Qc2 Bd6 7.b3 O-O 8.Be2 Re8
9.O-O Qe7 10.Bb2 dxc4 11.bxc4 e5 12.Rfd1 e4 13.Nd2 Nf8 14.c5 Bc7 15.Nc4 Ng6
16.d5 cxd5 17.Nd6 Rd8 18.Rxd5 Be6 19.Rd4 b6 20.Ncxe4 bxc5 21.Nxf6+ gxf6 22.Nf5 Bxf5
23.Rxd8+ Rxd8 24.Qxf5 Rd2 25.Bxf6 Qd6 26.Qc8+  1/2-1/2

[Event "MTO"]
[Site "Biel SUI"]
[Date "2003.07.30"]
[Round "9"]
[White "Shariyazdanov,A"]
[Black "Adianto,U"]
[Result "0-1"]
[WhiteElo "2565"]
[BlackElo "2573"]

1.d4 d5 2.c4 c6 3.Nc3 Nf6 4.e3 e6 5.Nf3 Nbd7 6.Bd3 dxc4 7.Bxc4 b5 8.Bd3 Bb7
9.O-O a6 10.e4 c5 11.d5 c4 12.Bc2 Qc7 13.dxe6 fxe6 14.Nd4 Nc5 15.Be3 e5 16.Nf3 Be7
17.Qe2 O-O 18.Ng5 Rae8 19.b4 cxb3 20.axb3 h6 21.b4 Ncd7 22.Bb3+ Kh8 23.Rac1 hxg5
24.Nxb5 Qb8 25.Nc7 Bxe4 26.Nxe8 Qxe8 27.f3 Bd5 28.Ba4 Bxb4 29.Bxg5 Qe6 30.Bd2 a5
31.Kh1 Rb8 32.Rfe1 Qd6 33.Red1 Nc5 34.Bc2 Ne6 35.Be3 Bc5 36.Bxc5 Nxc5 37.Qe1 Rb4
38.Rb1 Ne6 39.Bg6 Kg8 40.Rbc1 Qb8 41.Bf5 Kf7 42.Qg3 Rc4 43.Qg6+ Kf8 44.Rxc4 Bxc4
45.Bxe6 Bxe6 46.Ra1 e4 47.Qg3 Qb2 48.Qd6+ Kf7 49.Qc7+ Kg8 50.Qxa5 exf3 51.gxf3 Bd5
52.Rf1 Qe2 53.Kg1 Bxf3 54.Qg5 Ng4 55.Qd8+ Kh7 56.Qh4+ Kg6  0-1

[Event "ch-AUT w"]
[Site "Hartberg AUT"]
[Date "2003.07.30"]
[Round "2"]
[White "Mira,H"]
[Black "Hennings,M"]
[Result "0-1"]
[WhiteElo "2126"]
[BlackElo "2056"]

1.d4 d5 2.Nf3 Nf6 3.c4 c6 4.Nc3 e6 5.e3 Nbd7 6.Bd3 dxc4 7.Bxc4 b5 8.Bd3 a6
9.O-O Bb7 10.e4 c5 11.d5 e5 12.a4 c4 13.Bc2 b4 14.Ne2 a5 15.Ng3 Bc5 16.Nf5 g6
17.Nh6 Qb6 18.Bg5 Ba6 19.Bxf6 Qxf6 20.Re1 Qf4 21.Qc1 Qxc1 22.Raxc1 f6 23.Ng4 b3
24.Bd1 Rc8 25.Be2 Bb4 26.Red1 O-O 27.Ne3 Nc5 28.Bxc4 Bxc4 29.Nxc4 Nxe4 30.d6 Nxd6
31.Nxd6 Rxc1 32.Rxc1 Bxd6 33.Nd2 Bb4 34.Nxb3 Rd8 35.Kf1 f5 36.Ke2 Kg7 37.Rc2 e4
38.Nc5 Kf6 39.f3 Rd5 40.Na6 exf3+ 41.Kxf3 Rd3+ 42.Ke2 Rb3 43.Nc7 Ke5 44.Nb5 f4
45.Kf2 g5 46.h3 h5 47.Re2+ Kf6 48.Rc2 g4 49.hxg4 hxg4 50.Nd4 Rd3 51.Ne2 g3+
52.Nxg3 fxg3+ 53.Ke2 Rb3 54.Kd1 Ke5 55.Re2+ Kd4 56.Kc2 Re3  0-1

[Event "Valoz Cup"]
[Site "Olomouc CZE"]
[Date "2003.07.30"]
[Round "1"]
[White "Chytilek,R"]
[Black "Malinovsky,K"]
[Result "1-0"]
[WhiteElo "2406"]
[BlackElo "2216"]

1.Nf3 d5 2.d4 Nf6 3.c4 e6 4.Nc3 c6 5.e3 Bd6 6.Qc2 O-O 7.Bd3 Nbd7 8.O-O e5
9.cxd5 cxd5 10.e4 dxe4 11.Nxe4 Nxe4 12.Bxe4 h6 13.h3 exd4 14.Nxd4 Nf6 15.Bf3 Qe7
16.Nf5 Bxf5 17.Qxf5 Rac8 18.Be3 b6 19.Rac1 Rxc1 20.Rxc1 Be5 21.b3 Rd8 22.Rc8 Rxc8
23.Qxc8+ Kh7 24.Kf1 Qd6 25.Qc4 Kg8 26.Ke2 Qd7 27.g4 Ne8 28.Qc6 Qe7 29.Qb7 Qxb7
30.Bxb7 Nd6 31.Bc6 g5 32.Kd3 Kf8 33.a4 Ke7 34.a5 bxa5 35.Bxa7 Nc8 36.Bc5+ Ke6
37.Bb5 Bd6 38.Bd4 Be5 39.Bc4+ Kf6 40.Be3 Bf4 41.Bxf4 gxf4 42.Kd4 Nd6 43.Kd5 Ke7
44.Bd3 Kd7 45.Ke5 Ke7 46.Kxf4 f6 47.Ke3 Nf7 48.f4 Kd6 49.Bc4 Nd8 50.Ke4 Kc5
51.Bg8 Nc6 52.Kf5 Ne7+ 53.Kxf6 Nxg8+ 54.Kf7 Kb4 55.Kxg8 Kxb3 56.f5 a4 57.f6 a3
58.f7 a2 59.f8=Q a1=Q 60.Qxh6 Qa8+ 61.Qf8 Qe4 62.Qf7+ Kb4 63.Kf8 Qd4 64.Qb7+ Kc4
65.Qc6+ Kd3 66.Kf7 Qf4+ 67.Qf6 Qc4+ 68.Kg7 Qc7+ 69.Kg6 Qg3 70.Qf5+ Kd4 71.g5  1-0

[Event "MTO"]
[Site "Biel SUI"]
[Date "2003.07.31"]
[Round "10"]
[White "Korotylev,A"]
[Black "Beshukov,S"]
[Result "1/2-1/2"]
[WhiteElo "2546"]
[BlackElo "2507"]

1.d4 d5 2.c4 c6 3.Nc3 Nf6 4.Nf3 e6 5.e3 Nbd7 6.Bd3 dxc4 7.Bxc4 b5 8.Bd3 Bd6
9.O-O O-O 10.e4 e5 11.Ne2 Bb7 12.Bg5 Re8 13.Rc1 Rc8 14.Kh1 exd4 15.Nexd4 g6
16.Qd2 Bf8 17.Rfe1 Qb6 18.h3 a6 19.e5 c5 20.Nf5 Nh5 21.N5h4 Bg7 22.Bxg6 hxg6
23.Qxd7 Bf8 24.e6 fxe6 25.Ne5 Qc7 26.Qd3 Qh7 27.Kg1 c4 28.Qe2 Rc7 29.Qg4 Rg7
30.Rcd1 Bc5 31.Re2  1/2-1/2

[Event "Futurity"]
[Site "Kitchener CAN"]
[Date "2003.07.31"]
[Round "8"]
[White "Quan Zhe"]
[Black "Porper,E"]
[Result "1/2-1/2"]
[WhiteElo "2303"]
[BlackElo "2435"]

1.d4 d5 2.c4 c6 3.Nc3 Nf6 4.e3 e6 5.Nf3 a6 6.Qc2 c5 7.dxc5 Bxc5 8.a3 Nc6
9.b4 Ba7 10.Bb2 d4 11.exd4 Nxd4 12.Nxd4 Bxd4 13.Rd1 e5 14.Ne2 O-O 15.Nxd4 exd4
16.Be2 Bg4 17.Bxg4 Nxg4 18.O-O Qc7 19.g3 Ne5 20.Qf5 Nxc4 21.Bxd4 Rad8 22.Qg4 Ne5
23.Qf4 f6 24.Bxe5 fxe5 25.Qe4 Rde8 26.Rd3 Re7 27.Re3 Rfe8 28.Qd5+ Kh8 29.Rfe1 h6
30.h4 Rd8 31.Qe4 Rd2 32.R3e2 Rxe2 33.Qxe2 e4 34.Qe3 Qd6 35.Kg2 Qd5 36.Kh2 Rf7
37.Qe2 Rf3 38.Qb2 Qf5 39.Kg1 Rd3 40.Qc1 Qe5 41.Qc8+ Kh7 42.Qxb7 Rxg3+ 43.fxg3 Qxg3+  1/2-1/2

[Event "Inline Czechia Cup"]
[Site "Olomouc CZE"]
[Date "2003.07.31"]
[Round "2"]
[White "Tibensky,R"]
[Black "Slaby,J"]
[Result "0-1"]
[WhiteElo "2401"]
[BlackElo "2376"]

1.d4 d5 2.c4 c6 3.e3 Nf6 4.Nc3 e6 5.Nf3 Nbd7 6.Qc2 Bd6 7.Be2 O-O 8.O-O dxc4
9.Bxc4 Qe7 10.a3 e5 11.h3 Bc7 12.Ba2 h6 13.Nh4 Rd8 14.Nf5 Qf8 15.Bd2 Nb6
16.dxe5 Bxe5 17.Rad1 Nbd5 18.Nxd5 Nxd5 19.Nh4 Bf6 20.Nf3 Be6 21.Bb1 g6 22.e4 Nb6
23.Bb4 Qe8 24.Bc3 Bxc3 25.Qxc3 Rxd1 26.Rxd1 Rd8 27.Re1 Qe7 28.Bc2 Nd7 29.b4 Qf6
30.e5 Qg7 31.Qe3 Bd5 32.Nd4 Re8 33.f4 b6 34.Qd2 Nf8 35.Be4 Bxe4 36.Rxe4 c5
37.bxc5 bxc5 38.Nc6 Ne6 39.Ra4 Qf8 40.Kh2 Rc8 41.Na5 Rd8 42.Qf2 Rd4 43.Rc4 Qc8
44.f5 gxf5 45.Rc3 f4 46.Nc4 Qc6 47.Nd6 Qd5 48.Nf5 Rd2 49.Ne7+ Kf8 50.Nxd5 Rxf2
51.Nf6 Rd2 52.Ng4 Kg7 53.Kg1 Rd5 54.Kf2 h5 55.Nh2 Rxe5 56.Rc4 Rd5 57.Nf3 Kf6
58.Ra4 Rd7 59.Ke2 Kf5 60.Nd2 Nd4+ 61.Kf2 Re7 62.Nf3 Ke4 63.Ne1 Rb7 64.Nf3 Rb2+
65.Kg1 Ke3 66.Ne5 Rb1+ 67.Kh2 Ne2 68.Nc4+ Kf2 69.Nd2 Rd1 70.Nf3 f6 71.Nh4 Re1
72.Re4 Rh1+  0-1

[Event "FSGM August"]
[Site "Budapest HUN"]
[Date "2003.08.02"]
[Round "1"]
[White "Braun,A"]
[Black "Jakab,A"]
[Result "1-0"]
[WhiteElo "2366"]
[BlackElo "2442"]

1.d4 d5 2.c4 e6 3.Nc3 c6 4.Nf3 Nf6 5.e3 Nbd7 6.Qc2 Bd6 7.b3 O-O 8.Bb2 e5
9.dxe5 Nxe5 10.O-O-O Bg4 11.Be2 Rc8 12.h3 Bh5 13.Nxe5 Bxe5 14.Bxh5 Nxh5 15.Kb1 Qc7
16.g4 Nf6 17.g5 Nh5 18.Qe2 g6 19.cxd5 Bxc3 20.Bxc3 cxd5 21.Bb2 Qe7 22.Qg4 f6
23.Rxd5 fxg5 24.Rd7 Qe8 25.Rd6 Rxf2 26.Rhd1 Rf7 27.a3 Re7 28.Qxg5 Qf7 29.Ka2 Rce8
30.Rd8 a6 31.R1d6 Ng7 32.Rf6 Ne6 33.Rxe8+ Qxe8 34.Qe5 Ng7 35.Qd5+ Ne6 36.e4 h6
37.a4 Kh7 38.h4 Ng7 39.Rd6 Qf7 40.Rd8 Rc7 41.a5 h5 42.b4 Re7 43.Bf6 Rc7 44.Qxf7 Rxf7
45.e5 g5 46.hxg5 Ne6 47.Re8 Nc7 48.Rh8+ Kg6 49.Rh6+ Kf5 50.g6 Rxf6 51.exf6 Kxf6
52.Rxh5 Kxg6 53.Rc5 Ne8  1-0

[Event "Futurity"]
[Site "Kitchener CAN"]
[Date "2003.08.02"]
[Round "10"]
[White "Stevens,C"]
[Black "Jung,HansR"]
[Result "0-1"]
[WhiteElo "2219"]
[BlackElo "2208"]

1.c4 e6 2.Nf3 d5 3.d4 Nf6 4.Nc3 c6 5.e3 b6 6.Bd3 dxc4 7.Bxc4 Ba6 8.Bxa6 Nxa6
9.Ne5 Qc7 10.Qe2 Nb8 11.Bd2 Bd6 12.Rc1 Bxe5 13.Nb5 Qd7 14.dxe5 Ne4 15.Rc4 cxb5
16.Rxe4 O-O 17.Rd4 Qc6 18.O-O a6 19.Rc1 Qb7 20.Qh5 Rc8 21.Rh4 Rxc1+ 22.Bxc1 h6
23.e4 Kf8 24.Bxh6 gxh6 25.Qxh6+ Ke8 26.Qh8+ Kd7 27.Rh7 Kc7 28.Rxf7+ Nd7 29.Qh7 Qc6
30.h4 Rd8 31.h5 Kc8 32.Rf3 Qc1+ 33.Kh2 Qg5 34.Rc3+ Kb8 35.g3 Qxe5 36.Rd3 Rh8
37.Qg6 Nc5 38.Rf3  0-1

[Event "1st Masters"]
[Site "Malmo SWE"]
[Date "2003.08.02"]
[Round "6"]
[White "Hellsten,J"]
[Black "Johannessen,LE"]
[Result "1/2-1/2"]
[WhiteElo "2511"]
[BlackElo "2525"]

1.d4 d5 2.c4 c6 3.Nc3 Nf6 4.e3 e6 5.Nf3 Nbd7 6.Qc2 Bd6 7.g4 dxc4 8.Bxc4 b6
9.e4 Bb7 10.g5 Nh5 11.Be3 b5 12.Be2 b4 13.e5 bxc3 14.exd6 cxb2 15.Qxb2 Ba6
16.O-O Bxe2 17.Qxe2 Nb6  1/2-1/2

[Event "Sunstar Park Open"]
[Site "Davos SUI"]
[Date "2003.08.03"]
[Round "2"]
[White "Grooten,H"]
[Black "Akermann,T"]
[Result "1-0"]
[WhiteElo "2402"]
[BlackElo "2119"]

1.d4 d5 2.c4 c6 3.Nc3 Nf6 4.e3 e6 5.Nf3 Nbd7 6.Bd3 Bd6 7.O-O O-O 8.e4 dxe4
9.Nxe4 Nxe4 10.Bxe4 h6 11.Bc2 e5 12.Qd3 f5 13.c5 Bc7 14.dxe5 Nxe5 15.Nxe5 Bxe5
16.Qc4+ Kh8 17.Bf4 Qd4 18.Qxd4 Bxd4 19.Rad1 Bxc5 20.Rfe1 b6 21.h4 Ba6 22.Rd7 Rfd8
23.Red1 Re8 24.Bxf5 Rf8 25.g4 Bc8 26.Be5 Bxd7 27.Rxd7 Rfe8 28.Bxg7+ Kg8 29.Bf6 Re1+
30.Kg2 Re2 31.Kg3 Kf8 32.Rh7 Rae8 33.g5 hxg5 34.Bg6 gxh4+ 35.Kh3  1-0

[Event "ch-AUT"]
[Site "Hartberg AUT"]
[Date "2003.08.04"]
[Round "9"]
[White "Kummer,Hel"]
[Black "Ragger,M"]
[Result "1-0"]
[WhiteElo "2336"]
[BlackElo "2347"]

1.d4 d5 2.c4 e6 3.Nc3 c6 4.e3 Nf6 5.Nf3 Nbd7 6.Qc2 b6 7.cxd5 exd5 8.Rb1 Bd6
9.b4 O-O 10.Bd2 Qe7 11.a3 a5 12.bxa5 bxa5 13.a4 Ba6 14.Bxa6 Rxa6 15.Ne2 Ne4
16.O-O c5 17.Rb5 Nxd2 18.Qxd2 Nb6 19.Rfb1 Nc4 20.Qd3 cxd4 21.Nexd4 Qe4 22.Qxe4 dxe4
23.Ng5 Bb4 24.Rb7 Nb6 25.Nf5 Nxa4 26.R1xb4 h6 27.Ne7+ Kh8 28.Rb8 Ra8  1-0

[Event "Valoz Cup"]
[Site "Olomouc CZE"]
[Date "2003.08.04"]
[Round "8"]
[White "De Jong,JW"]
[Black "Thallinger,H"]
[Result "1/2-1/2"]
[WhiteElo "2254"]
[BlackElo "2363"]

1.d4 d5 2.c4 c6 3.Nc3 e6 4.e3 Nf6 5.Nf3 Nbd7 6.Bd3 dxc4 7.Bxc4 b5 8.Bd3 a6
9.e4 c5 10.e5 cxd4 11.Nxb5 axb5 12.exf6 Bb4+ 13.Bd2 Bxd2+ 14.Qxd2 Qxf6 15.Bxb5 Rb8
16.Qb4 Ba6 17.Bxd7+ Kxd7 18.Qa4+ Bb5 19.Qxd4+ Qxd4 20.Nxd4 Rhc8 21.Kd2 Bc6
22.b3 Bxg2 23.Rhc1 e5 24.Rxc8 Rxc8 25.Nf5 g6 26.Ne3 Bb7 27.a4 f5 28.Nc4 Ke6
29.Kc3 Bd5 30.a5 Bxc4 31.bxc4 Kd6 32.Rb1 e4 33.Kd4 Rd8 34.Rb5 Kc6+ 35.Rd5 Rb8
36.Rc5+ Kd6 37.Rb5 Re8 38.Rb7 f4 39.Rb6+ Kc7 40.Rb2 e3 41.fxe3 Rxe3 42.a6 Ra3
43.Rb7+ Kc8 44.Rxh7  1/2-1/2

[Event "WYol u16"]
[Site "Denizli TUR"]
[Date "2003.08.05"]
[Round "2"]
[White "Banusz,T"]
[Black "Soozankar,A"]
[Result "1-0"]
[WhiteElo "2322"]
[BlackElo "2111"]

1.d4 d5 2.Nf3 Nf6 3.c4 c6 4.Nc3 e6 5.e3 Nbd7 6.Bd3 dxc4 7.Bxc4 b5 8.Bd3 a6
9.e4 c5 10.d5 exd5 11.exd5 Bd6 12.O-O O-O 13.Bg5 Qc7 14.Ne4 Nxe4 15.Bxe4 f5
16.Bc2 Bb7 17.b4 c4 18.Nd4 Bxh2+ 19.Kh1 Bxd5 20.Nxf5 Bf7 21.f4 h6 22.Bxh6 g6
23.Ne7+ Kh7 24.Qh5 Nf6 25.Bxg6+ Kh8 26.Qxh2  1-0

[Event "Ceska Pojistovna Cup"]
[Site "Olomouc CZE"]
[Date "2003.08.05"]
[Round "7"]
[White "Garlik,M"]
[Black "Cernousek,L"]
[Result "1-0"]
[WhiteElo "2127"]
[BlackElo "2293"]

1.d4 d5 2.c4 c6 3.Nf3 Nf6 4.Nc3 e6 5.e3 Nbd7 6.Bd3 dxc4 7.Bxc4 b5 8.Bd3 Bb7
9.e4 b4 10.Na4 c5 11.e5 Nd5 12.O-O cxd4 13.Re1 Qa5 14.Nxd4 a6 15.Bg5 Be7
16.Bxe7 Nxe7 17.b3 Nxe5 18.Bb5+ axb5 19.Rxe5 Bd5 20.Nc5 O-O 21.Nd3 Rfd8 22.Rg5 f6
23.Rg3 e5 24.Qg4 g6 25.Nf5 Nxf5 26.Qxf5 Kg7 27.h4 Rac8 28.h5 Bf7 29.h6+ Kf8
30.Qxf6 Qc7 31.Nxe5 Rd6 32.Qg7+ Ke8 33.Nxf7 Qxf7 34.Re1+  1-0

[Event "Valoz Cup"]
[Site "Olomouc CZE"]
[Date "2003.08.05"]
[Round "9"]
[White "Thallinger,H"]
[Black "Chytilek,R"]
[Result "0-1"]
[WhiteElo "2363"]
[BlackElo "2406"]

1.d4 d5 2.c4 c6 3.Nf3 Nf6 4.e3 e6 5.Nc3 Nbd7 6.Qc2 Bd6 7.g4 Bb4 8.Bd2 Qe7
9.g5 Bxc3 10.Bxc3 Ne4 11.Bd3 Nxc3 12.Qxc3 O-O 13.O-O-O dxc4 14.Qxc4 c5 15.Kb1 Rb8
16.h4 b6 17.Qc2 g6 18.h5 cxd4 19.hxg6 fxg6 20.Bxg6 hxg6 21.Rh6 Rxf3 22.Qxg6+ Qg7
23.Qh5 Bb7 24.Rxd4 Nf8 25.Rh4 Be4+ 26.Rxe4 Rxf2 27.Rd4 Rc8 28.a4 Rcc2 29.b3 Rb2+
30.Kc1 Rxb3 31.Qg4 Qc7+ 32.Rc4 Rc3+  0-1

[Event "Sunstar Park Open"]
[Site "Davos SUI"]
[Date "2003.08.06"]
[Round "5"]
[White "Lorscheid,G"]
[Black "Antoniewski,R"]
[Result "0-1"]
[WhiteElo "2334"]
[BlackElo "2499"]

1.d4 d5 2.c4 e6 3.Nc3 c6 4.e3 Nf6 5.Nf3 Nbd7 6.Qc2 Bd6 7.b3 O-O 8.Be2 Re8
9.O-O dxc4 10.bxc4 e5 11.Re1 Qe7 12.a4 a5 13.Qb3 e4 14.Nd2 c5 15.Nb5 Bb8
16.Nf1 h5 17.Bb2 Ra6 18.h3 Nh7 19.Qd1 Qh4 20.d5 Rg6 21.d6 Ng5 22.Ng3 Nxh3+
23.gxh3 Rxg3+ 24.fxg3 Qxg3+ 25.Kh1 Qxh3+ 26.Kg1 Re6 27.Bxh5 Ne5 28.Rf1 Nf3+  0-1

[Event "10th Summer Open"]
[Site "Nice FRA"]
[Date "2003.08.06"]
[Round "4"]
[White "Genov,Peta"]
[Black "Moncamp,G"]
[Result "1-0"]
[WhiteElo "2501"]
[BlackElo "2251"]

1.d4 d5 2.c4 c6 3.Nf3 Nf6 4.Nc3 e6 5.e3 Nbd7 6.Qc2 b6 7.Bd2 Bb7 8.O-O-O Be7
9.e4 c5 10.exd5 exd5 11.dxc5 Nxc5 12.cxd5 O-O 13.Bf4 Nxd5 14.Bc4 Nxf4 15.Rxd8 Raxd8
16.Rd1 Nxg2 17.Nd5 Bxd5 18.Rxd5 Rxd5 19.Bxd5 Nf4 20.Bc4 Bf6 21.Qf5 Nfe6 22.Kb1 Rd8
23.Qe4 g6 24.Qb7 Nd3 25.Qxa7 Nxb2 26.Bxe6 fxe6 27.Qxb6 Re8 28.Qb5 Kf7 29.Ne5+ Bxe5
30.Qxe5 Nd3 31.Qd6 Ne1 32.Qf4+ Kg8  1-0

[Event "ch-AUT w"]
[Site "Hartberg AUT"]
[Date "2003.08.08"]
[Round "11"]
[White "Klinkan,E"]
[Black "Hennings,M"]
[Result "1-0"]
[WhiteElo "1891"]
[BlackElo "2056"]

1.d4 d5 2.c4 c6 3.e3 e6 4.Nf3 Nf6 5.Nc3 Nbd7 6.Be2 dxc4 7.Bxc4 b5 8.Bd3 a6
9.O-O c5 10.b3 Bb7 11.Bb2 Be7 12.Rc1 Rc8 13.Qe2 Qb6 14.dxc5 Nxc5 15.Bb1 O-O
16.Nd4 Rfd8 17.f3 b4 18.Na4 Nxa4 19.bxa4 a5 20.Qb5 Qxb5 21.axb5 Bc5 22.Kf2 Nd5
23.Rfd1 Bb6 24.Be4 f5 25.Bxd5 Bxd5 26.Nc6 Bxc6 27.Rxc6 Rxd1 28.Rxc8+ Kf7
29.Ke2 Rd7 30.Bd4 Bxd4 31.exd4 Rb7 32.Rc5 Ke7 33.Kd3 g5 34.Kc4 Kd7 35.Kb3 Rc7
36.Ka4 Ra7 37.b6 Ra8 38.Rxa5 Rb8 39.Kb5 Kd6 40.Ra7 h5 41.Rh7 Kd5 42.Rd7+  1-0

[Event "FSIM August"]
[Site "Budapest HUN"]
[Date "2003.08.09"]
[Round "8"]
[White "Nilssen,J"]
[Black "Farago,S"]
[Result "1/2-1/2"]
[WhiteElo "2382"]
[BlackElo "2319"]

1.d4 d5 2.c4 c6 3.Nc3 Nf6 4.e3 e6 5.Nf3 Be7 6.Bd3 O-O 7.O-O Nbd7 8.e4 dxe4
9.Nxe4 Nxe4 10.Bxe4 Bf6  1/2-1/2

[Event "Sunstar Park Open"]
[Site "Davos SUI"]
[Date "2003.08.10"]
[Round "9"]
[White "Grooten,H"]
[Black "Misiano,F"]
[Result "1-0"]
[WhiteElo "2402"]
[BlackElo "2273"]

1.d4 d5 2.c4 c6 3.Nc3 Nf6 4.Nf3 e6 5.e3 Nbd7 6.Bd3 dxc4 7.Bxc4 b5 8.Bb3 b4
9.Ne2 Bb7 10.O-O Bd6 11.Nf4 O-O 12.Ng5 Bxf4 13.exf4 c5 14.Be3 Ba6 15.Re1 c4
16.Bc2 Bb7 17.f5 exf5 18.Bxf5 h6 19.Nh3 Nb6 20.Qc2 Re8 21.f3 Nfd5 22.Bf2 Qf6
23.Re4 g6 24.Rae1 Rxe4 25.fxe4 gxf5 26.exd5 Bxd5 27.Qd2 a5 28.Qf4 Qg6 29.Bg3 Rc8
30.Qf2 Be4 31.Nf4 Qg7 32.d5 Na4 33.b3 cxb3 34.axb3 Nc3 35.d6 Bc6 36.h3 Ne4
37.Rxe4 Bxe4 38.Kh2 Rc2 39.d7 Rxf2 40.d8=Q+ Qf8 41.Qxf8+ Kxf8 42.Bxf2 Bc2
43.Bb6 Bxb3 44.Bxa5 Kg7 45.Bxb4 Bc2 46.Kg3 Be4 47.Bc3+ Kh7 48.Kf2 Bc2 49.Ke3 Be4
50.Bf6 Bc2 51.Kd4 Bb1 52.Ke5 Bc2 53.g3 Bb1 54.Kd6 Bc2 55.Ke7 Kg8 56.Be5 Bb1
57.Kf6 Bc2 58.Nd5 Bb3 59.Ne7+ Kh7 60.Nxf5 Be6 61.h4 Bb3 62.Bf4 h5 63.Ng7 Bd1
64.Kxf7 Bg4 65.Ne8 Bd1 66.Nf6+ Kh8 67.Kf8  1-0

[Event "11th GM"]
[Site "Lippstadt GER"]
[Date "2003.08.10"]
[Round "4"]
[White "Brenke,A"]
[Black "Schenk,A"]
[Result "0-1"]
[WhiteElo "2404"]
[BlackElo "2491"]

1.d4 Nf6 2.Nf3 e6 3.c4 d5 4.Nc3 c6 5.e3 Nbd7 6.Qc2 Bd6 7.Bd3 O-O 8.O-O dxc4
9.Bxc4 a6 10.e4 e5 11.h3 Qe7 12.Be3 exd4 13.Nxd4 Ne5 14.Be2 c5 15.Nb3 Nc6
16.Rad1 Be6 17.f4 c4 18.Nd4 Bc5 19.Bf3 Rad8 20.Qf2 Nxd4 21.Bxd4 Rxd4 22.Rxd4 Qc7
23.f5 Bd7 24.Kh1 Qe5 25.Rfd1 Rc8 26.Qd2 Bxd4 27.Qxd4 Qxd4 28.Rxd4 Rc5 29.e5 Rxe5
30.Bxb7 a5 31.Rxc4 Bxf5 32.b4 axb4 33.Rxb4 Kf8 34.a4 Rc5 35.Nb5 Bd7 36.Kg1 Nd5
37.Rd4 Nb6 38.Rd6 Bxb5 39.axb5 Rxb5 40.Rc6 Rb2 41.Rc7 g6 42.Kh2 Rb4 43.Kg3 Kg7
44.Ba6 Rd4 45.Bb5 Rd5 46.Be8 Rf5 47.Rb7 Nc4 48.Ba4 Nd6 49.Rd7 Ne4+ 50.Kh2 Nc5
51.Rd4 h5 52.Bc6 Rf6 53.Bb5 Rb6 54.Be2 Ne6 55.Rd7 Rb4 56.Bf3 h4 57.Ra7 Rd4
58.Bc6 Ng5 59.Ra4 Rxa4 60.Bxa4 Kf6 61.Kg1 Kf5 62.Kh2 Ne4 63.Bd7+ Kf4 64.Be8 Nd6
65.Bc6 g5 66.Bf3 f6 67.Bg4 Ne4 68.Be2 Ke3 69.Bg4 Kf2 70.Be6 Ng3 71.Bd7 f5
72.Bb5 Nf1+ 73.Kh1 Ne3 74.Bc6 Nc2 75.Kh2 Ne1 76.Bd7 f4 77.Bg4 Nxg2  0-1

[Event "68th NY Masters"]
[Site "New York USA"]
[Date "2003.08.12"]
[Round "1"]
[White "Krush,I"]
[Black "Schneider,Ig"]
[Result "0-1"]
[WhiteElo "2449"]
[BlackElo "2217"]

1.d4 d5 2.c4 e6 3.Nc3 c6 4.e3 Nf6 5.Nf3 Nbd7 6.Bd3 dxc4 7.Bxc4 b5 8.Bd3 Bb7
9.O-O b4 10.Ne4 Be7 11.Qc2 O-O 12.Nxf6+ Nxf6 13.e4 h6 14.e5 Nd7 15.Qe2 c5
16.Bc2 cxd4 17.Qd3 f5 18.exf6 Nxf6 19.Nxd4 Qd5 20.f3 Bc5 21.Be3 Ba6 22.Qxa6 Bxd4
23.Bxd4 Qxd4+ 24.Kh1 Qxb2 25.Qxe6+ Kh8 26.Bg6 Qd2 27.Rad1 Qg5 28.Bc2 Rae8
29.Qa6 Qc5 30.Bg6 Rd8 31.Rfe1 Qf2 32.Rf1 Qc5 33.h3 Qg5 34.Bb1 Nh5 35.Kh2 Nf4
36.g3 Nh5 37.Qg6 Qxg6 38.Bxg6 Nf6 39.Rfe1 Rxd1 40.Rxd1 Rb8 41.g4 a5 42.f4 a4
43.g5 Ng8 44.h4 b3 45.axb3 axb3 46.Kg3 Ne7 47.Be4 hxg5 48.hxg5 b2 49.Bd3 Rb3
50.g6 Nxg6 51.Kg4 Rxd3 52.Rb1 Rb3 53.Kf5 Nf8 54.Ke4 Kg8 55.Kd4 Kf7 56.Kc4 Rb8
57.Kc3 Kf6 58.Kc2 Kf5  0-1

[Event "Independence Cup"]
[Site "Kyiv UKR"]
[Date "2003.08.13"]
[Round "1"]
[White "Kruppa,Y"]
[Black "Fedosenko,P"]
[Result "1-0"]
[WhiteElo "2520"]
[BlackElo "2242"]

1.d4 d5 2.c4 e6 3.Nc3 c6 4.e3 Nf6 5.Nf3 Nbd7 6.Bd3 dxc4 7.Bxc4 b5 8.Bd3 Bb7
9.O-O a6 10.e4 c5 11.d5 c4 12.Bc2 b4 13.dxe6 fxe6 14.Ne2 Nc5 15.Ned4 Nfxe4
16.Qe2 Bd6 17.Nxe6 Qe7 18.Nxc5 Nxc5 19.Qxc4 Bxf3 20.gxf3 Qe5 21.f4 Qh5 22.Bd1 Qg6+
23.Kh1 Qd3 24.Re1+ Kd8 25.Be2 Qxc4 26.Bxc4 Kc7 27.Be3 Rhf8 28.Rac1 Kb6 29.Be6 Rae8
30.f5 g6 31.Red1  1-0

[Event "19th Open"]
[Site "Faaker-See AUT"]
[Date "2003.08.14"]
[Round "7"]
[White "Bergen,P"]
[Black "Laengl,J"]
[Result "1-0"]
[WhiteElo "2219"]
[BlackElo "2233"]

1.d4 d5 2.Nf3 Nf6 3.c4 e6 4.Nc3 c6 5.e3 Nbd7 6.Bd3 dxc4 7.Bxc4 b5 8.Bd3 a6
9.e4 c5 10.e5 cxd4 11.Nxb5 Nxe5 12.Nxe5 axb5 13.O-O Bd7 14.Qe2 Ra5 15.Bd2 b4
16.a3 Qa8 17.Nxd7 Nxd7 18.Bb5 Bd6 19.h3 Qa7 20.a4 O-O 21.Qe1 Ra8 22.Rc1 Ne5
23.Qe2 h6 24.Kh1 Qb8 25.Qe4 Qa7 26.f4 Ng6 27.f5 exf5 28.Rxf5 Ne7 29.Rf3 Ng6
30.Rcf1 Rf8 31.Rd3 Bc5 32.Rdf3 Qe7 33.Qxe7 Bxe7 34.Rb3 Rd8 35.Bxb4 Bxb4 36.Rxb4 d3
37.Rd1 Ne5 38.Kg1 Ra7 39.Kf2 f6 40.Rb3 Rc7 41.Rc3 Rxc3 42.bxc3 Kf7 43.Ke3 Ke7
44.Rd2 Ra8 45.Kd4 Kd6 46.c4 Kc7 47.Kc3 Kb6 48.Kb4 Nc6+ 49.Bxc6 Kxc6 50.Rxd3 Rb8+
51.Kc3 Ra8 52.Rg3 Ra7 53.a5 Kc5 54.Rf3 Kc6 55.Rf5 Re7 56.Rf2 Kc5 57.Rf5+ Kc6
58.Rd5 Re1 59.Rd2 Kc5 60.Ra2 Re3+ 61.Kd2 Rg3 62.Ke1 Re3+ 63.Kf2 Re8 64.Ra4 Ra8
65.a6 Ra7 66.Ke3 Kb6 67.Ke4 Re7+ 68.Kd3 Ka7 69.Ra2 Rd7+ 70.Ke4 Rd8 71.c5 Rd1
72.Ra3 Rd2 73.g3 Rd7  1-0

[Event "11th GM"]
[Site "Lippstadt GER"]
[Date "2003.08.14"]
[Round "8"]
[White "Wehmeier,S"]
[Black "Schenk,A"]
[Result "0-1"]
[WhiteElo "2350"]
[BlackElo "2491"]

1.d4 Nf6 2.c4 e6 3.Nf3 d5 4.Nc3 c6 5.e3 Nbd7 6.Qc2 Bd6 7.Be2 O-O 8.O-O dxc4
9.Bxc4 a6 10.a4 c5 11.Rd1 cxd4 12.Rxd4 Qc7 13.Rh4 b6 14.Bd3 h6 15.e4 Rd8
16.Qe2 Bb7 17.Be3 Bc5 18.Bf4 e5 19.Bd2 Be7 20.Rc1 Qd6 21.Bc4 Nf8 22.Bxh6 gxh6
23.Qe3 N6h7 24.Rg4+ Kh8 25.Bxf7 Ng5 26.Bb3 Nfh7 27.Nd5 Bxd5 28.Bxd5 Rac8
29.Rxc8 Nxf3+ 30.Qxf3 Rxc8 31.h4 h5 32.Rg3 Bxh4 33.Rh3 Qf6 34.Qxf6+ Bxf6
35.Rxh5 Kg7 36.Rh3 Rc1+ 37.Kh2 Be7 38.Rb3 Bc5 39.a5 bxa5 40.Rb7+ Kg6 41.Be6 Nf6
42.Bf5+ Kg5 43.g3 Ng4+ 44.Kg2 Nxf2 45.Rg7+ Kf6 46.Rg6+ Kf7 47.Rxa6 Nd1 48.g4 Be3
49.Rxa5 Rc2+ 50.Kh3 Kf6 51.Ra6+ Kg5 52.Bh7 Nf2+ 53.Kg3 Nh1+ 54.Kh3 Nf2+ 55.Kg3 Bf4+
56.Kg2 Nxg4+ 57.Kf1 Bg3  0-1

[Event "Independence Cup"]
[Site "Kyiv UKR"]
[Date "2003.08.15"]
[Round "3"]
[White "Drozdovskij,Y"]
[Black "Fedosenko,P"]
[Result "1/2-1/2"]
[WhiteElo "2458"]
[BlackElo "2242"]

1.d4 d5 2.c4 e6 3.Nc3 c6 4.e3 Nf6 5.Nf3 Nbd7 6.Be2 dxc4 7.a4 Bd6 8.Nd2 O-O
9.Nxc4 Bc7 10.b3 Nd5 11.Bb2 b6 12.O-O Bb7 13.Bf3 c5 14.Nb5 Bb8 15.e4 Nb4
16.dxc5 Nxc5 17.Ncd6 Bxd6 18.Nxd6 Ba6 19.Nb5 Bb7 20.Nd6 Ba6 21.Nb5 Bb7 22.Nd6 Ba6  1/2-1/2

[Event "II American Continental"]
[Site "Buenos Aires ARG"]
[Date "2003.08.17"]
[Round "1"]
[White "Caceres,S"]
[Black "Krush,I"]
[Result "0-1"]
[WhiteElo "2201"]
[BlackElo "2449"]

1.d4 d5 2.c4 c6 3.Nf3 Nf6 4.Nc3 e6 5.e3 Nbd7 6.Bd3 dxc4 7.Bxc4 b5 8.Bd3 Bb7
9.e4 b4 10.Na4 c5 11.Nxc5 Bxc5 12.dxc5 Nxc5 13.Bb5+ Ke7 14.e5 Qxd1+ 15.Kxd1 Ng4
16.Be3 Nxe3+ 17.fxe3 a6 18.Rc1 Rhc8 19.Bc4 Nd7 20.Ke2 Rc5 21.Bd3 Rac8 22.Kd2 a5
23.Rxc5 Rxc5 24.Rc1 Rxc1 25.Kxc1 Bxf3 26.gxf3 Nxe5 27.Be2 Kd6 28.Kc2 g5 29.Kb3 Kc5
30.Ka4 Kb6 31.Kb3 f5 32.h3 Kc5 33.Ka4 Nc4 34.e4 fxe4 35.fxe4 e5 36.b3 Nd2
37.Kxa5 Nxe4 38.Bd3 Nc3 39.Bxh7 Nxa2  0-1